000 00690nam a2200217Ia 4500
003 GCL
008 140319s9999 xx 000 0 ara d
040 _aGCL /
_cGCL
082 0 4 _a810.8
_bع ق
100 1 _aعبده عبدالعزيز قلقيلة
245 1 0 _aالقاضى الجرجانى على بن عبد العزيز /
_cعبده عبدالعزيز قلقيلة
260 _a[S.N] :
_bمكتبة الانجلوالمصرية ،
_c1974
300 _a186 ص
490 _a
650 0 4 _aالشعر العربى
650 0 4 _aالادب العربى
650 0 4 _aالتراجم
650 0 4 _aالادباء العرب
650 0 4 _aتاريخ ونقد
942 _2ddc
_cBK
999 _c31469
_d31469